00285nam a2200121Ia 4500008004100000100002300041245002800064260002600092300000800118650001300126942000700139999001700146190216s9999||||xx |||||||||||||| ||und|| aKutti Krishnan P C 0aUllavarum Eallathavarum bPoorna Pubs Kozhikode a118 aKathakal cBK c27000d27000